000 00737nam a22002177a 4500
005 20150319143746.0
010 _aENG-112170
020 _a9788174877758
_c350.00
020 _a8174877754
_c350.00
035 _aEN-95702
037 _bDBAD/PUB
082 _a728.095452
100 _aPawar, R.S.
245 _aCultural ecology of folk houses :
_cby R.S. Pawar [and] Vidushi Sharma
_ba case study of Beas Basin of Himachal Pradesh /
260 _aNew Delhi
_bRadha Publications
_c2012
270 _a4231/1, Ansari Road, Daryaganj
_bNew Delhi
_e110002
300 _a149p. :
_c22cm(Hb)
_bill.,maps
500 _aIncludes bibliographical references
700 _aSharma, Vidushi
942 _2ddc
_cEN
_mPAW
_h728.095452
999 _c91405
_d91405